000 00944nam a2200241Ii 4500
003 JO-AjNU
008 230605s9999||||xx |||||||||||||| ||und||
017 _a16/1065
020 _a9960-627-46-2
040 _aJO-AjNU
_bara
_erda
_cJO-AjNU
041 _aara
050 1 4 _aBP173.758 1998
100 3 _aعلي، أحمد محمد,
_eauthor
_927839
245 0 0 _aدور البنوك الإسلامية في مجال التنمية
250 _aط2
264 3 1 _aجدة: المعهد الاسلامي للبحوث والتدريب البنك الاسلامي، 1998
300 _aع:16ص ؛ ف:34ص ؛ انجليزي:15ص
336 _atext
_btxt
_2rdacontent
337 _aunmediated
_bn
_2rdamedia
338 _avolume
_bnc
_2rdacarrier
490 0 _aسلسلة محاضرات العلماء البارزين 3
650 4 _aالبنوك الاسلامية- التنمية الاقتصادية- الاقتصاد الاسلامي
_927840
999 _aA10726
_c14294
_d14294